Reaction mechanisms in organic chemistry (Record no. 31992)

MARC details
000 -LEADER
fixed length control field 00274nam a2200109Ia 4500
082 ## - DEWEY DECIMAL CLASSIFICATION NUMBER
Classification number 547
Item number BAD
100 ## - MAIN ENTRY--AUTHOR NAME
Personal name Badea, Florin
245 #0 - TITLE STATEMENT
Title Reaction mechanisms in organic chemistry
260 ## - PUBLICATION, DISTRIBUTION, ETC. (IMPRINT)
Place of publication Kent
Name of publisher Abacus
Year of publication 1974
942 ## - ADDED ENTRY ELEMENTS (KOHA)
Koha item type Books
Holdings
Withdrawn status Lost status Damaged status Not for loan Home library Current library Date acquired Cost, normal purchase price Full call number Accession Number Koha item type
        RRII Library RRII Library 16/12/2021 24.85 547 BAD 12518 Books